|
|
|
|
| LEADER |
00777nab a2200205 i 4500 |
| 001 |
publ37000 |
| 005 |
20250616151009.0 |
| 008 |
250616s2025 hu o 000 eng d |
| 022 |
|
|
|a 1449-5910
|
| 024 |
7 |
|
|a 36115596
|2 mtmt
|
| 040 |
|
|
|a SZTE Publicatio Repozitórium
|b hun
|
| 041 |
|
|
|a eng
|
| 100 |
1 |
|
|a Kórus Péter
|
| 245 |
1 |
0 |
|a Refinement of Jensen's Inequality for Analytical Convex (Concave) Functions
|h [elektronikus dokumentum] /
|c Kórus Péter
|
| 260 |
|
|
|c 2025
|
| 300 |
|
|
|a 7
|
| 490 |
0 |
|
|a AUSTRALIAN JOURNAL OF MATHEMATICAL ANALYSIS AND APPLICATIONS (AJMAA)
|v 22 No. 1
|
| 650 |
|
4 |
|a Matematika
|
| 700 |
0 |
1 |
|a Retkes Zoltán
|e aut
|
| 856 |
4 |
0 |
|u http://publicatio.bibl.u-szeged.hu/37000/1/2025.RefinementofJensensInequalityforAnalyticalConvexConcaveFunctions.pdf
|z Dokumentum-elérés
|